000 01219naa a22003017a 4500
001 BR8802938
003 BR-BrBNA
005 20240918180007.0
007 ta
008 230509b bl.||||| |||| 00| 0 por d
040 _aBR-BrBNA
_bpor
_cBiblioteca Nacional de Agricultura
041 _a(Pt)
072 _aP40
_b2480
_bG514
090 _aP40 BR8802938
100 1 _aSa, D.F. de
100 1 _aAlmeida, H.A. de
111 1 _a1. Congresso Interamericano de Meteorologia; 4. Congresso Brasileiro de Meteorologia
_cBrasilia, DF (Brazil)
_d20-24 Oct 1986
245 1 _aZoneamento climatico da seringueira no sudeste da Bahia
260 3 _aBelo Horizonte, MG (Brasil):
_c1986.
500 _aAnais do 1. Congresso Interamericano de Meteorologia e 4. Congresso Brasileiro de Meteorologia Belo Horizonte, MG (Brasil): 1986. v. 1 p. 78-83 (BR8802938-AM)P40
650 _aSERINGUEIRA
650 _aZONEAMENTO CLIMATICO
650 _aPRECIPITACAO PLUVIAL
650 _aBAHIA
773 0 _tAnais do 1. Congresso Interamericano de Meteorologia e 4. Congresso Brasileiro de Meteorologia
_wP40 BR8802938
_gBelo Horizonte, MG (Brasil), 1986. v. 1 p. 78-83
909 _a202404
_bLucia
_c55
_dLucia Elande
942 _cAM
_2AGRIS
999 _c319138
_d319138